[Event "4NCL/Div3/WES2 vs. HKF2"]
[Site "Birmingham ENG"]
[Date "2006.01.14"]
[Round "5.2"]
[White "Crouch, Colin"]
[Black "Clark, Ian C"]
[Result "1-0"]
[WhiteElo "2365"]
[BlackElo "2133"]
[PlyCount "115"]
[EventDate "2006.01.14"]
[EventType "team"]
[EventRounds "11"]
[EventCountry "ENG"]
[SourceDate "2005.10.25"]

1. d4 Nf6 2. c4 g6 3. Nc3 Bg7 4. e4 d6 5. Nf3 O-O 6. Be2 c6 7. O-O Bg4 8. Be3
Nbd7 9. Qd2 Qc7 10. Rad1 Bxf3 11. Bxf3 Rad8 12. Be2 a6 13. a4 Rfe8 14. f4 e5
15. fxe5 dxe5 16. d5 c5 17. Bg5 Qd6 18. Rf3 Rb8 19. Rdf1 Rf8 20. Rh3 Rfe8 21.
Qe1 b6 22. Qh4 Kf8 23. Rhf3 Ke7 24. Qxh7 Rg8 25. Qh4 Rh8 26. Qf2 Rh7 27. h4
Rbh8 28. Rh3 Bh6 29. Bxh6 Rxh6 30. g4 g5 31. h5 R6h7 32. Rf3 Rf8 33. Rf5 Rg7
34. Kg2 Ng8 35. Qe3 f6 36. R5f2 Nh6 37. Nd1 Rff7 38. Qd2 Rg8 39. a5 bxa5 40.
Qxa5 Rb8 41. Bf3 Rb4 {=} 42. Ne3 Rf8 43. Ra1 Ra8 44. Bd1 Qb6 45. Qa3 Rb8 46.
d6+ Kf8 47. Nd5 Qb7 48. Nxb4 Qxe4+ 49. Bf3 cxb4 50. Qa4 Qh7 51. Qc6 Qf7 52.
Rxa6 Qe6 53. Ra7 Rd8 54. Kh3 Ke8 55. Qd5 Qf7 56. Qxf7+ Nxf7 57. Bc6 Nxd6 58. h6
1-0

[Event "4NCL/Div3/WES2 vs. HKF2"]
[Site "Birmingham ENG"]
[Date "2006.01.14"]
[Round "5.3"]
[White "Hopkins, Jamie R"]
[Black "Lindner, Daniel"]
[Result "1/2-1/2"]
[WhiteElo "2137"]
[BlackElo "2259"]
[PlyCount "127"]
[EventDate "2006.01.14"]
[EventType "team"]
[EventRounds "11"]
[EventCountry "ENG"]
[SourceDate "2005.10.25"]

1. c4 e6 2. Nc3 d5 3. cxd5 exd5 4. d4 c6 5. Qc2 Bd6 6. e3 Nf6 7. Bd3 O-O 8.
Nge2 Nbd7 9. b3 Re8 10. Bb2 Nf8 11. h3 Qe7 12. O-O-O b5 13. Kb1 a5 14. a4 bxa4
15. Nxa4 Bd7 16. Rc1 Reb8 17. Nc5 Bc8 18. Rhe1 Qa7 19. Na4 Bb4 20. Nec3 Ba6 21.
Bxa6 Qxa6 22. f3 Ne6 23. Red1 Qa7 24. Ne2 Rc8 25. e4 Rab8 26. Qd3 Qb7 27. Rc2
Nc7 28. Ka2 Na6 29. Nc1 Be7 30. Bc3 Nb4+ 31. Bxb4 Qxb4 32. e5 Qa3+ 33. Kb1 Qxa4
34. exf6 Bxf6 35. Ra2 Qb4 36. Qd2 Qb6 37. Qxa5 Bxd4 38. Qxb6 Bxb6 39. Re2 Kf8
40. Kc2 Re8 41. Rde1 Rxe2+ 42. Rxe2 Re8 43. Rxe8+ Kxe8 44. Nd3 Bd4 45. Nb4 Kd7
46. Kd3 Bc5 47. Nc2 Ke6 48. Ke2 Kf5 49. Ne1 Ke5 50. Kd3 Kf4 51. Ke2 Kg3 52. Kf1
Bd4 53. Nd3 c5 54. Nc1 Kf4 55. Ke2 c4 56. bxc4 dxc4 57. Na2 Ke5 58. Nb4 {=} Bb2
59. Nc2 Bc1 60. Kd1 Bf4 61. Ke2 Kd5 62. Kd1 c3 63. Ke2 Kc4 64. Na1 1/2-1/2

[Event "4NCL/Div3/WES2 vs. HKF2"]
[Site "Birmingham ENG"]
[Date "2006.01.14"]
[Round "5.4"]
[White "Therrien, Alex"]
[Black "Gregory, Keith D"]
[Result "1-0"]
[WhiteElo "2250"]
[BlackElo "2093"]
[PlyCount "83"]
[EventDate "2006.01.14"]
[EventType "team"]
[EventRounds "11"]
[EventCountry "ENG"]
[SourceDate "2005.10.25"]

1. d4 d6 2. c4 e5 3. Nf3 Nc6 4. e4 Bg4 5. d5 Nd4 6. Be3 Nxf3+ 7. gxf3 Bd7 8.
Bd3 Be7 9. Qd2 Nf6 10. Nc3 Nh5 11. Rg1 g6 12. Ne2 Bf6 13. O-O-O Qe7 14. Kb1 O-O
15. f4 exf4 16. Nxf4 Nxf4 17. Bxf4 Rfb8 18. Rde1 c5 19. Bg5 b5 20. Bxf6 Qxf6
21. f4 Qd4 22. Qe3 Qxe3 23. Rxe3 bxc4 24. Bxc4 Rb4 25. b3 a5 26. e5 Bf5+ 27.
Kb2 a4 28. exd6 axb3 29. axb3 Rd8 30. Ra1 Rxd6 31. Ra5 Rf6 32. Rxc5 Bg4 33. Re4
Bf3 34. Rd4 Rbb6 35. Kc3 Kg7 36. b4 Rb8 37. Bb5 Ra8 38. Bc6 Rd8 39. b5 Rfd6 40.
b6 Kf6 41. b7 Ke7 42. Ra5 1-0

[Event "4NCL/Div3/WES2 vs. HKF2"]
[Site "Birmingham ENG"]
[Date "2006.01.14"]
[Round "5.5"]
[White "Rutter, Nicholas"]
[Black "Chipanga, Takaedza"]
[Result "1-0"]
[WhiteElo "2133"]
[BlackElo "2223"]
[PlyCount "87"]
[EventDate "2006.01.14"]
[EventType "team"]
[EventRounds "11"]
[EventCountry "ENG"]
[SourceDate "2005.10.25"]

1. e4 c5 2. Nf3 Nc6 3. d4 cxd4 4. Nxd4 Nf6 5. Nc3 e5 6. Ndb5 d6 7. Bg5 a6 8.
Na3 b5 9. Bxf6 gxf6 10. Nd5 f5 11. c3 Bg7 12. exf5 Bxf5 13. Nc2 O-O 14. Nce3
Be6 15. Bd3 f5 16. O-O e4 17. Nf4 Bf7 18. Bc2 Be5 19. Ned5 Qg5 20. Nh3 Qh4 21.
f3 Kh8 22. f4 Rg8 23. Kh1 Rxg2 24. Kxg2 Rg8+ 25. Kh1 Qxh3 26. Rg1 Rxg1+ 27.
Kxg1 Bxd5 28. fxe5 Nxe5 29. Qxd5 Nf3+ 30. Kf2 Qxh2+ 31. Ke3 Ne5 32. Qd4 Qg3+
33. Ke2 Qf3+ 34. Ke1 e3 35. Qh4 Kg7 36. Qg5+ Ng6 37. Qxf5 Qg2 38. Rd1 e2 39.
Rd4 Qh2 {=} 40. Qf2 Qh1+ {=} 41. Kxe2 Ne5 42. Rh4 Qc1 43. Rxh7+ Kg8 44. Qg2+
1-0

[Event "4NCL/Div3/WES2 vs. HKF2"]
[Site "Birmingham ENG"]
[Date "2006.01.14"]
[Round "5.6"]
[White "Buckley, Melanie"]
[Black "Taylor, Phil"]
[Result "1/2-1/2"]
[WhiteElo "2145"]
[BlackElo "2063"]
[PlyCount "28"]
[EventDate "2006.01.14"]
[EventType "team"]
[EventRounds "11"]
[EventCountry "ENG"]
[SourceDate "2005.10.25"]

1. e4 c6 2. d4 d5 3. e5 c5 4. dxc5 e6 5. Be3 Nh6 6. c3 Nf5 7. Bd4 Nxd4 8. cxd4
b6 9. Bb5+ Bd7 10. Bxd7+ Nxd7 11. c6 Nb8 12. Qa4 Qc7 13. Nc3 Qxc6 14. Rc1 Qxa4
1/2-1/2

[Event "4NCL/Div3/WES2 vs. HKF2"]
[Site "Birmingham ENG"]
[Date "2006.01.14"]
[Round "5.7"]
[White "Ferrington, Nigel M"]
[Black "Crombleholme, Alan K"]
[Result "1-0"]
[WhiteElo "2115"]
[BlackElo "2104"]
[PlyCount "63"]
[EventDate "2006.01.14"]
[EventType "team"]
[EventRounds "11"]
[EventCountry "ENG"]
[SourceDate "2005.10.25"]

1. e4 c5 2. Nf3 d6 3. d4 cxd4 4. Nxd4 Nf6 5. Nc3 Nc6 6. Bc4 e6 7. Be3 Be7 8.
Qe2 a6 9. O-O-O Qc7 10. Rhg1 O-O 11. Bb3 Na5 12. g4 b5 13. g5 Nxb3+ 14. axb3
Nd7 15. f4 b4 16. Na4 Nc5 17. f5 Kh8 18. f6 gxf6 19. gxf6 Bxf6 20. Bh6 Bb7 21.
Bxf8 Rxf8 22. Nxc5 Qxc5 23. Nf3 Rc8 24. Rg3 a5 25. Rdg1 Qc7 26. Qg2 Qd8 27. Ng5
Bxg5+ 28. Rxg5 Qf8 29. Qg4 a4 30. Qh4 h6 31. Rg8+ Qxg8 32. Qxh6+ 1-0

[Event "4NCL/Div3/WES2 vs. HKF2"]
[Site "Birmingham ENG"]
[Date "2006.01.14"]
[Round "5.8"]
[White "Parmar, Amisha"]
[Black "Norman, Dinah"]
[Result "1/2-1/2"]
[WhiteElo "1956"]
[BlackElo "2017"]
[PlyCount "47"]
[EventDate "2006.01.14"]
[EventType "team"]
[EventRounds "11"]
[EventCountry "ENG"]
[SourceDate "2005.10.25"]

1. e4 c6 2. d4 d5 3. exd5 cxd5 4. c4 Nf6 5. Nc3 e6 6. c5 Be7 7. Nf3 O-O 8. Bd3
b6 9. b4 a5 10. Na4 Nbd7 11. a3 Bb7 12. O-O axb4 13. axb4 Rc8 14. Qe2 bxc5 15.
bxc5 Bc6 16. Bf4 Ra8 17. Nc3 Rxa1 18. Rxa1 Nh5 19. Bd2 g6 20. Nb5 Qb8 21. g3
Bf6 22. Ba5 Bxb5 23. Bxb5 Nxc5 24. Bb4 1/2-1/2

[Event "4NCL/Div3/HKF2 vs. SWD2"]
[Site "Birmingham ENG"]
[Date "2006.01.15"]
[Round "6.1"]
[White "Crouch, Colin"]
[Black "Spice, Alan"]
[Result "1-0"]
[WhiteElo "2365"]
[BlackElo "2216"]
[PlyCount "45"]
[EventDate "2006.01.15"]
[EventType "team"]
[EventRounds "11"]
[EventCountry "ENG"]
[SourceDate "2005.10.25"]

1. d4 d5 2. c4 e5 3. dxe5 d4 4. Nf3 Nc6 5. g3 Be6 6. Nbd2 Qd7 7. Bg2 O-O-O 8.
O-O h5 9. h4 Nh6 10. b4 Ng4 11. Qa4 Kb8 12. b5 Ncxe5 13. Bb2 c5 14. bxc6 Nxc6
15. Ng5 Be7 16. Rab1 Bxg5 17. hxg5 Bf5 18. Ne4 h4 19. Nc5 Qe8 20. Nxb7 hxg3 21.
Nxd8 Bxb1 22. Nxc6+ Kc8 23. Nxa7+ 1-0

[Event "4NCL/Div3/HKF2 vs. SWD2"]
[Site "Birmingham ENG"]
[Date "2006.01.15"]
[Round "6.2"]
[White "Kett, Timothy"]
[Black "Therrien, Alex"]
[Result "1-0"]
[WhiteElo "2195"]
[BlackElo "2250"]
[PlyCount "87"]
[EventDate "2006.01.15"]
[EventType "team"]
[EventRounds "11"]
[EventCountry "ENG"]
[SourceDate "2005.10.25"]

1. c4 b6 2. Nc3 Bb7 3. e4 c5 4. g3 Nc6 5. Bg2 g6 6. d3 Bg7 7. Nge2 Nh6 8. h3
Nd4 9. Nxd4 cxd4 10. Nb5 a6 11. Nxd4 Bxd4 12. Bxh6 Bxb2 13. Rb1 Bc3+ 14. Bd2
Bd4 15. Qc1 Qc7 16. Bc3 Bxc3+ 17. Qxc3 O-O 18. O-O b5 19. Rfc1 Rfc8 20. Qd4
Rab8 21. h4 h5 22. Qe3 bxc4 23. Rxc4 Bc6 24. Rbc1 Qb7 25. Qg5 Bb5 26. e5 Bc6
27. Bxc6 Rxc6 28. Rxc6 dxc6 29. e6 Kg7 30. exf7 Kxf7 31. Qh6 Rg8 32. Qf4+ Ke8
33. Qc4 Rf8 34. Qxc6+ Qxc6 35. Rxc6 Kf7 36. Rxa6 Rd8 37. Ra3 Rd4 38. Kg2 Kf6
39. Kf3 e5 40. Ke3 Kf5 41. Ra5 Rb4 42. f4 Kg4 43. Rxe5 Kxg3 44. Rg5+ 1-0

[Event "4NCL/Div3/HKF2 vs. SWD2"]
[Site "Birmingham ENG"]
[Date "2006.01.15"]
[Round "6.3"]
[White "Lindner, Daniel"]
[Black "Trevelyan, John"]
[Result "0-1"]
[WhiteElo "2259"]
[BlackElo "2190"]
[PlyCount "74"]
[EventDate "2006.01.15"]
[EventType "team"]
[EventRounds "11"]
[EventCountry "ENG"]
[SourceDate "2005.10.25"]

1. Nc3 e5 2. e4 Nf6 3. f4 d5 4. fxe5 Nxe4 5. Nf3 Nc6 6. d3 Nxc3 7. bxc3 Be7 8.
d4 O-O 9. Bd3 f6 10. exf6 Bxf6 11. O-O Bg4 12. Rb1 b6 13. Be3 Na5 14. h3 Bxf3
15. Qxf3 c6 16. Qg4 Qe7 17. Rbe1 Rae8 18. Bd2 Qf7 19. Rxe8 Qxe8 20. Kh1 Nc4 21.
Re1 Qf7 22. Bf5 Re8 23. Be6 Rxe6 24. Rxe6 Nxd2 25. Rxc6 Be7 26. Qe6 Nc4 27. Qe2
Bf8 28. Kg1 h6 29. Rc8 Nd6 30. Rd8 Qf6 31. Rd7 Ne4 32. Rxa7 Bd6 33. Qf3 Qg5 34.
Ra8+ Kh7 35. g4 Qc1+ 36. Kg2 Qxc2+ 37. Kh1 Qh2# 0-1

[Event "4NCL/Div3/HKF2 vs. SWD2"]
[Site "Birmingham ENG"]
[Date "2006.01.15"]
[Round "6.4"]
[White "May, Frank"]
[Black "Burrows, Martin P"]
[Result "1/2-1/2"]
[WhiteElo "2145"]
[BlackElo "2200"]
[PlyCount "51"]
[EventDate "2006.01.15"]
[EventType "team"]
[EventRounds "11"]
[EventCountry "ENG"]
[SourceDate "2005.10.25"]

1. d4 Nf6 2. c4 g6 3. Nc3 Bg7 4. Nf3 O-O 5. Bg5 d6 6. e3 Bf5 7. Bd3 Bxd3 8.
Qxd3 Nbd7 9. O-O c5 10. Rfd1 a6 11. a3 Qc7 12. Rac1 Rac8 13. d5 h6 14. Bh4 Rfe8
15. Rc2 Nf8 16. Re2 Qd7 17. e4 g5 18. Bg3 Nh5 19. e5 Nxg3 20. hxg3 dxe5 21.
Nxe5 Bxe5 22. Rxe5 Ng6 23. Re3 b5 24. Rde1 b4 25. Nd1 Kg7 26. R3e2 1/2-1/2

[Event "4NCL/Div3/HKF2 vs. SWD2"]
[Site "Birmingham ENG"]
[Date "2006.01.15"]
[Round "6.5"]
[White "Chipanga, Takaedza"]
[Black "Brown, Alan M"]
[Result "0-1"]
[WhiteElo "2223"]
[BlackElo "2121"]
[PlyCount "82"]
[EventDate "2006.01.15"]
[EventType "team"]
[EventRounds "11"]
[EventCountry "ENG"]
[SourceDate "2005.10.25"]

1. e4 e6 2. d4 d5 3. Nc3 Bb4 4. e5 b6 5. Bb5+ c6 6. Bd3 Ba6 7. Qg4 Bf8 8. Nge2
Bxd3 9. cxd3 h5 10. Qg3 Nh6 11. Bg5 Qd7 12. O-O Nf5 13. Qh3 Be7 14. Bd2 g5 15.
g4 Nh4 16. gxh5 Rxh5 17. Qg4 Rh8 18. f4 gxf4 19. Bxf4 Na6 20. Bg3 Nf5 21. Rxf5
exf5 22. Qf4 O-O-O 23. a4 Kb7 24. Rf1 Rh5 25. Qf3 Rg5 26. Nf4 Nc7 27. Nce2 Rh8
28. Ng2 Ne6 29. Rb1 a5 30. Rf1 Qe8 31. Kh1 Qg8 32. Ngf4 Nxd4 33. Qf2 Bc5 34.
Kg2 Qh7 35. h3 Rhg8 36. Qe1 Nc2 37. Qc1 Ne3+ 38. Kh2 Nxf1+ 39. Qxf1 Be3 40. Qf3
Bxf4 41. Nxf4 Rxg3 0-1

[Event "4NCL/Div3/HKF2 vs. SWD2"]
[Site "Birmingham ENG"]
[Date "2006.01.15"]
[Round "6.6"]
[White "Sully, David"]
[Black "Buckley, Melanie"]
[Result "1/2-1/2"]
[WhiteElo "2148"]
[BlackElo "2145"]
[PlyCount "37"]
[EventDate "2006.01.15"]
[EventType "team"]
[EventRounds "11"]
[EventCountry "ENG"]
[SourceDate "2005.10.25"]

1. d4 Nf6 2. Nc3 d5 3. Bg5 Nbd7 4. e3 e6 5. a3 Be7 6. f4 O-O 7. Bd3 c5 8. Nf3
b6 9. O-O Bb7 10. Ne5 h6 11. Bh4 Ne8 12. Bg3 Nd6 13. f5 exf5 14. Bxf5 Nxf5 15.
Rxf5 Bg5 16. Qe2 Nxe5 17. Bxe5 Bc8 18. Rff1 Be6 19. Rad1 1/2-1/2

[Event "4NCL/Div3/HKF2 vs. SWD2"]
[Site "Birmingham ENG"]
[Date "2006.01.15"]
[Round "6.7"]
[White "Crombleholme, Alan K"]
[Black "van Kemenade, Rudy"]
[Result "1-0"]
[WhiteElo "2104"]
[BlackElo "2068"]
[PlyCount "67"]
[EventDate "2006.01.15"]
[EventType "team"]
[EventRounds "11"]
[EventCountry "ENG"]
[SourceDate "2005.10.25"]

1. Nf3 f5 2. d4 Nf6 3. g3 g6 4. Bg2 Bg7 5. O-O O-O 6. c4 d6 7. b4 c6 8. Bb2 Na6
9. Qb3 Kh8 10. Nbd2 Qe8 11. a4 h6 12. b5 Nc7 13. Rae1 Qf7 14. e4 f4 15. e5 Nh5
16. h3 fxg3 17. fxg3 Qg8 18. Nh4 Rxf1+ 19. Rxf1 Qe8 20. bxc6 bxc6 21. Qd3 Rb8
22. Bxc6 Bd7 23. Nxg6+ Kg8 24. Bxd7 Qxd7 25. Qf3 Nxg3 26. Qxg3 Rxb2 27. exd6
Bxd4+ 28. Kh1 Qc6+ 29. Rf3 Kh7 30. Nxe7 Qe8 31. Qf4 Ne6 32. Qf5+ Kh8 33. Qxe6
Bg7 34. Ng6+ 1-0

[Event "4NCL/Div3/HKF2 vs. SWD2"]
[Site "Birmingham ENG"]
[Date "2006.01.15"]
[Round "6.8"]
[White "Wilson, Julie"]
[Black "Parmar, Amisha"]
[Result "1/2-1/2"]
[WhiteElo "1945"]
[BlackElo "1956"]
[PlyCount "55"]
[EventDate "2006.01.15"]
[EventType "team"]
[EventRounds "11"]
[EventCountry "ENG"]
[SourceDate "2005.10.25"]

1. d4 Nf6 2. c4 g6 3. Nc3 Bg7 4. e4 d6 5. Bd3 O-O 6. Nge2 e5 7. d5 Nbd7 8. O-O
Ne8 9. f4 Nc5 10. Bc2 f5 11. Rb1 Qe7 12. fxe5 dxe5 13. b4 Na6 14. exf5 gxf5 15.
a3 b6 16. Qe1 Nd6 17. Bb3 Kh8 18. Ng3 Qh4 19. Qf2 f4 20. Nge4 Qxf2+ 21. Rxf2
Bf5 22. Re2 Bg6 23. Rbb2 f3 24. gxf3 Rxf3 25. Bg5 Nf5 26. Rf2 Nd4 27. Bd1 Rd3
28. Rbd2 1/2-1/2

[Event "4NCL/Div3/SLOS3 vs. BRI2"]
[Site "Birmingham ENG"]
[Date "2006.01.15"]
[Round "6.1"]
[White "Foster, James J"]
[Black "Timmins, Chris P"]
[Result "1/2-1/2"]
[WhiteElo "2068"]
[BlackElo "2105"]
[PlyCount "41"]
[EventDate "2006.01.15"]
[EventType "team"]
[EventRounds "11"]
[EventCountry "ENG"]
[SourceDate "2005.10.25"]

1. c4 Nc6 2. Nc3 e5 3. e4 f5 4. Nf3 Nf6 5. d4 exd4 6. Nxd4 fxe4 7. Bg5 Bb4 8.
Ndb5 O-O 9. a3 Bc5 10. Qd2 Kh8 11. O-O-O a6 12. Bxf6 gxf6 13. Nxe4 axb5 14.
Nxc5 Qe7 15. Qd5 b4 16. Bd3 b6 17. Ne4 bxa3 18. bxa3 Qxa3+ 19. Kd2 Nb4 20. Qd4
c5 21. Qd6 1/2-1/2

[Event "4NCL/Div3/SLOS3 vs. BRI2"]
[Site "Birmingham ENG"]
[Date "2006.01.15"]
[Round "6.2"]
[White "Collier, David O"]
[Black "de Coverly, Roger"]
[Result "1-0"]
[WhiteElo "2142"]
[BlackElo "2083"]
[PlyCount "131"]
[EventDate "2006.01.15"]
[EventType "team"]
[EventRounds "11"]
[EventCountry "ENG"]
[SourceDate "2005.10.25"]

1. d4 Nf6 2. Bg5 d5 3. Bxf6 exf6 4. e3 Be6 5. g3 c6 6. Bg2 f5 7. Ne2 Bd6 8. Nd2
Nd7 9. b3 Nf6 10. O-O Ne4 11. f3 Nxd2 12. Qxd2 O-O 13. Qd3 g6 14. c4 Qe7 15.
Rfe1 Rfe8 16. Nc3 Bb4 17. Re2 Rac8 18. c5 b5 19. a3 Ba5 20. b4 Bc7 21. a4 bxa4
22. Rxa4 Bb8 23. b5 cxb5 24. Nxb5 Bd7 25. f4 Bc6 26. Raa2 Qd7 27. Nc3 h5 28. h4
Kg7 29. Kf2 Rcd8 30. Qb1 f6 31. Ra5 Qc7 32. Ra3 Qd7 33. Ra5 Qc7 34. Ra3 Qd7 35.
Rb2 Qe7 36. Re2 Qd7 37. Rb2 Qe7 38. Nxd5 Bxd5 39. Bxd5 Bxf4 40. gxf4 Rxd5 41.
Rxa7 Qxa7 42. Rb7+ Rd7 43. Rxa7 Rxa7 44. d5 Rea8 45. d6 Ra1 46. Qxa1 Rxa1 47.
d7 Rd1 48. c6 Kf7 49. c7 Rxd7 50. c8=Q Rd2+ 51. Ke1 Rh2 52. Qh8 Rg2 53. Kf1 Rg4
54. Ke2 Rg1 55. Qh7+ Ke6 56. Kf2 Rg4 57. Qg7 Kd6 58. Qxf6+ Kd7 59. Ke2 Rg2+ 60.
Kd3 Rg1 61. Kd4 Kc7 62. Qe7+ Kc6 63. Ke5 Rg4 64. Kf6 Kd5 65. Qe6+ Kc5 66. Kf7
1-0

[Event "4NCL/Div3/SLOS3 vs. BRI2"]
[Site "Birmingham ENG"]
[Date "2006.01.15"]
[Round "6.3"]
[White "Roberson, Peter T"]
[Black "Humphreys, Jerry"]
[Result "1/2-1/2"]
[WhiteElo "2135"]
[BlackElo "2084"]
[PlyCount "112"]
[EventDate "2006.01.15"]
[EventType "team"]
[EventRounds "11"]
[EventCountry "ENG"]
[SourceDate "2005.10.25"]

1. e4 c5 2. c3 Nf6 3. e5 Nd5 4. Nf3 e6 5. d4 cxd4 6. Bc4 Nc6 7. cxd4 d6 8. O-O
Be7 9. Qe2 O-O 10. Nc3 Nxc3 11. bxc3 Qc7 12. Bd3 dxe5 13. dxe5 f5 14. exf6 Bxf6
15. Qe4 g6 16. Bh6 Re8 17. Qg4 Ne7 18. Rfe1 Bd7 19. Rxe6 Qxc3 20. Rd1 Bxe6 21.
Qxe6+ Kh8 22. Bb5 Nc6 23. Qh3 Rad8 24. Rd7 Re7 25. Rxe7 Nxe7 26. Bf1 Nf5 27.
Bf4 Kg7 28. g4 Nh4 29. Nxh4 Qxh3 30. Bxh3 Bxh4 31. g5 Rd5 32. Be6 Rb5 33. Be3
Bxg5 34. Bxa7 Bf4 35. Bd4+ Be5 36. Be3 Kf6 37. Bb3 Bd6 38. Kg2 Rb4 39. h3 b6
40. Bd2 Re4 41. Kf3 Rh4 42. Kg2 g5 43. Bd1 Rc4 44. Bb3 Rc8 45. Kf3 Rd8 46. Kg4
Bf4 47. Bc3+ Be5 48. Bxe5+ Kxe5 49. Kxg5 Rf8 50. h4 Rxf2 51. Kh6 Rh2 52. h5 Kf6
53. Bg8 b5 54. Bb3 Rg2 55. Kxh7 Rg7+ 56. Kh6 Ra7 1/2-1/2

[Event "4NCL/Div3/SLOS3 vs. BRI2"]
[Site "Birmingham ENG"]
[Date "2006.01.15"]
[Round "6.4"]
[White "Boyce, G Michael"]
[Black "Duggan, Michael"]
[Result "1/2-1/2"]
[WhiteElo "2058"]
[BlackElo "2082"]
[PlyCount "78"]
[EventDate "2006.01.15"]
[EventType "team"]
[EventRounds "11"]
[EventCountry "ENG"]
[SourceDate "2005.10.25"]

1. Nf3 Nf6 2. c4 c6 3. d4 d5 4. Nc3 dxc4 5. a4 Bf5 6. e3 e6 7. Bxc4 Be7 8. O-O
O-O 9. Qe2 Qc7 10. e4 Bg4 11. h3 Bh5 12. g4 Bg6 13. Ne5 Rd8 14. Rd1 Nbd7 15.
Nxg6 hxg6 16. Bg5 Re8 17. Rac1 e5 18. d5 Bc5 19. dxc6 bxc6 20. b4 Bxb4 21.
Bxf7+ Kxf7 22. Qc4+ Kf8 23. Qxb4+ c5 24. Qc4 a6 25. Nd5 Qc6 26. Rc3 Ra7 27. Rf3
Re6 28. Be3 Ke8 29. Nb4 cxb4 30. Qxc6 Rxc6 31. Bxa7 Nxe4 32. Rfd3 Rc7 33. Bd4
exd4 34. Re1 Ndc5 35. Rxd4 Re7 36. Rxb4 Nc3 37. Rb8+ Kd7 38. Rxe7+ Kxe7 39. a5
Nd5 1/2-1/2

[Event "4NCL/Div3/SLOS3 vs. BRI2"]
[Site "Birmingham ENG"]
[Date "2006.01.15"]
[Round "6.5"]
[White "Purton, Ben J"]
[Black "Spiller, Paul"]
[Result "1/2-1/2"]
[WhiteElo "2107"]
[BlackElo "2000"]
[PlyCount "92"]
[EventDate "2006.01.15"]
[EventType "team"]
[EventRounds "11"]
[EventCountry "ENG"]
[SourceDate "2005.10.25"]

1. e4 e5 2. Nf3 Nc6 3. Bb5 a6 4. Ba4 d6 5. c3 f5 6. exf5 Bxf5 7. d4 b5 8. Bb3
e4 9. Bd5 Nge7 10. Bg5 Qd7 11. Bxe7 Bxe7 12. Nbd2 Be6 13. Bxe4 d5 14. Bd3 O-O
15. Qc2 Bf5 16. O-O Bxd3 17. Qxd3 Rf6 18. Ne5 Nxe5 19. dxe5 Rh6 20. f4 Bc5+ 21.
Kh1 Rd8 22. f5 Qe7 23. Qg3 Kh8 24. Nb3 Bb6 25. Nd4 Bxd4 26. cxd4 Qh4 27. Qxh4
Rxh4 28. Rad1 Re4 29. Rd2 c5 30. e6 cxd4 31. h3 Rf8 32. Rf3 g6 33. fxg6 Rxf3
34. gxf3 Re1+ 35. Kg2 hxg6 36. Kf2 Rxe6 37. Rxd4 Re5 {=} 38. f4 Rf5 39. h4 Kg7
40. Kf3 Kf7 41. a4 bxa4 42. Rxa4 Rf6 43. Rb4 Rd6 44. Rd4 Ke6 45. Kg4 Kf6 46. b4
Rd8 1/2-1/2

[Event "4NCL/Div3/SLOS3 vs. BRI2"]
[Site "Birmingham ENG"]
[Date "2006.01.15"]
[Round "6.6"]
[White "Stewart, Joseph"]
[Black "Coddington, Oliver"]
[Result "1/2-1/2"]
[WhiteElo "1970"]
[BlackElo "2070"]
[PlyCount "56"]
[EventDate "2006.01.15"]
[EventType "team"]
[EventRounds "11"]
[EventCountry "ENG"]
[SourceDate "2005.10.25"]

1. e4 d6 2. d4 Nf6 3. Bd3 c6 4. Nc3 e5 5. Nge2 b5 6. a3 Qb6 7. d5 Bd7 8. dxc6
Bxc6 9. Be3 Qb7 10. f3 g6 11. Qd2 Nbd7 12. O-O Bg7 13. Rad1 O-O 14. Ng3 Rad8
15. Bh6 Nc5 16. Bxg7 Kxg7 17. Be2 Ne6 18. Rfe1 Qb6+ 19. Kh1 Nf4 20. Bd3 Rfe8
21. Nge2 Ne6 22. Nc1 Nf4 23. Bf1 d5 24. exd5 N6xd5 25. Nd3 Nxd3 26. Bxd3 Nf4
27. Qe3 Qxe3 28. Rxe3 a6 1/2-1/2

[Event "4NCL/Div3/SLOS3 vs. BRI2"]
[Site "Birmingham ENG"]
[Date "2006.01.15"]
[Round "6.7"]
[White "Edgell, Ben P"]
[Black "Turvey, Steven S"]
[Result "1/2-1/2"]
[WhiteElo "2025"]
[BlackElo "1885"]
[PlyCount "44"]
[EventDate "2006.01.15"]
[EventType "team"]
[EventRounds "11"]
[EventCountry "ENG"]
[SourceDate "2005.10.25"]

1. d4 d5 2. Nf3 Nf6 3. g3 e6 4. Bg2 Bd6 5. O-O O-O 6. Nbd2 Nbd7 7. c4 c6 8. b3
e5 9. cxd5 Nxd5 10. Nc4 Qc7 11. Nxd6 Qxd6 12. dxe5 Nxe5 13. Bb2 Nxf3+ 14. Bxf3
Rd8 15. e4 Nb6 16. Qxd6 Rxd6 17. Ba3 Rd3 18. Be2 Rd2 19. Rfd1 Rxd1+ 20. Rxd1
Be6 21. f4 f5 22. e5 Nd5 1/2-1/2

[Event "4NCL/Div3/SLOS3 vs. BRI2"]
[Site "Birmingham ENG"]
[Date "2006.01.15"]
[Round "6.8"]
[White "Owens, Megan"]
[Black "Barraclough, Stephanie"]
[Result "0-1"]
[WhiteElo "1645"]
[BlackElo "1883"]
[PlyCount "122"]
[EventDate "2006.01.15"]
[EventType "team"]
[EventRounds "11"]
[EventCountry "ENG"]
[SourceDate "2005.10.25"]

1. d4 Nf6 2. c4 g6 3. Nc3 Bg7 4. e4 d6 5. Nf3 O-O 6. Be2 Nc6 7. O-O e5 8. d5
Ne7 9. Bg5 Ne8 10. Nd2 f5 11. f3 f4 12. b4 h6 13. Bh4 g5 14. Bf2 h5 15. Rb1 Rf6
16. Qb3 Rg6 17. c5 Kh8 18. Rfd1 Ng8 19. Nf1 g4 20. cxd6 cxd6 21. Rdc1 Bh6 22.
Rc2 gxf3 23. Bxf3 h4 24. Be1 {=} Qf6 25. Bh5 Rg5 26. Bxh4 Ng7 27. Bxg5 Qxg5 28.
Bf3 a6 29. Na4 Qd8 30. Rbc1 Ne8 31. Nb2 Bd7 32. Nd3 Ngf6 33. Nf2 Qb6 34. Kh1
Qd8 35. a4 Qb6 36. a5 Qd8 37. Rc3 b6 38. axb6 Qxb6 39. R3c2 a5 40. Ra1 a4 41.
Qa3 Nc7 42. Qb2 {=} Nb5 43. Nd1 Nd4 44. Rc3 Rb8 45. Rb1 {=} Nb3 46. Nd2 Qb5 47.
Nf2 Nd4 48. Nc4 Bf8 49. Na3 Qb7 50. Nc2 Nb5 51. Rc4 Be7 52. Na3 Nd4 53. Nc2 Nb3
54. Na1 Qa6 55. Be2 Nd4 56. Rxd4 Qa7 57. Rd2 Qxf2 58. Bg4 Qa7 59. Bxd7 Qxd7 60.
Re2 Qb5 61. Nc2 Qxe2 0-1

[Event "4NCL/Div3/MIN vs. PPA1"]
[Site "Birmingham ENG"]
[Date "2006.01.15"]
[Round "6.1"]
[White "McFarland, Robert S"]
[Black "Swanson, Stephen"]
[Result "1/2-1/2"]
[WhiteElo "2257"]
[BlackElo "2270"]
[PlyCount "41"]
[EventDate "2006.01.15"]
[EventType "team"]
[EventRounds "11"]
[EventCountry "ENG"]
[SourceDate "2005.10.25"]

1. Nf3 d6 2. d4 Nf6 3. g3 Nbd7 4. c4 e5 5. Nc3 Be7 6. Bg2 O-O 7. O-O Re8 8. e4
Bf8 9. h3 c6 10. Be3 g6 11. Qc2 a6 12. a4 exd4 13. Nxd4 a5 14. Rad1 Qc7 15.
Rfe1 Nc5 16. Nb3 b6 17. Nd4 Bb7 18. g4 Nfd7 19. Bf4 Ne5 20. b3 f6 21. Re2
1/2-1/2

[Event "4NCL/Div3/MIN vs. PPA1"]
[Site "Birmingham ENG"]
[Date "2006.01.15"]
[Round "6.2"]
[White "Posazhennikov, Alex"]
[Black "Hardman, Michael J"]
[Result "1-0"]
[WhiteElo "2235"]
[BlackElo "2138"]
[PlyCount "69"]
[EventDate "2006.01.15"]
[EventType "team"]
[EventRounds "11"]
[EventCountry "ENG"]
[SourceDate "2005.10.25"]

1. d4 Nf6 2. c4 c5 3. d5 e5 4. g3 d6 5. Bg2 a6 6. a4 Be7 7. e4 O-O 8. Ne2 Ne8
9. f4 exf4 10. gxf4 Bg4 11. O-O Bf6 12. Qd3 Bxe2 13. Qxe2 Bd4+ 14. Be3 Qf6 15.
Bxd4 Qxd4+ 16. Kh1 Nd7 17. Nd2 Qf6 18. Bh3 Qe7 19. e5 Nef6 20. Rae1 Rae8 21.
Nf3 g6 22. Qd2 Nh5 23. e6 fxe6 24. Rxe6 Qg7 25. Rxd6 Re7 26. Be6+ Kh8 27. Bxd7
Rxd7 28. Rxd7 Qxd7 29. Ng5 Qxa4 30. Ne6 Rc8 31. Qc3+ Kg8 32. f5 Qd7 33. f6 Rf8
34. Nxf8 Kxf8 35. Qe5 1-0